| 000 | 00509nam a2200169Ia 4500 | ||
|---|---|---|---|
| 999 |
_c15164 _d15164 |
||
| 003 | OSt | ||
| 005 | 20201113151433.0 | ||
| 008 | 190216s9999||||xx |||||||||||||| ||und|| | ||
| 020 | _a9788175962224 | ||
| 040 | _coclc | ||
| 082 |
_a428.34 _bDOF/L |
||
| 100 |
_aDoff, Adrian _96385 |
||
| 245 | 0 |
_aLanguage In Use : Intermediate / _cAdrian Doff ; Christopher Jones |
|
| 260 |
_bCambridge Uty Press, _c2005. _aNew Delhi: |
||
| 300 | _a136p | ||
| 942 |
_cBK _2ddc _h428.34 _iDOF/L _k428.34 _mDOF/L |
||